駅番号が「0」「00」の駅 - Statistics

General Stats
  • This quiz has been taken 97 times
  • The average score is 11 of 21
Answer Stats
Hint Answer % Correct
CA00 熱海
93%
CF00 名古屋
89%
CJ00 名古屋
89%
CB00 国府津
77%
CD00 豊橋
77%
CC00 富士
73%
CE00 大府
67%
CG00 岐阜
66%
CI00 美濃太田
60%
0 美濃太田
60%
Y00 高松
46%
U00 松山
45%
T00 徳島
45%
M00 徳島
45%
K00 高知
44%
00 博多
34%
F0 たけふ新
15%
MR0 倉敷市
13%
K00 高松築港
13%
N00 高松築港
13%
S00 瓦町
13%
No matching quizzes found
Score Distribution
Percent of People with Each Score
Percentile by Number Answered
Your Score History
You have not taken this quiz